| 000 | 00521 a2200181 4500 | ||
|---|---|---|---|
| 999 |
_c5493 _d5493 |
||
| 010 | _aENG-86881 | ||
| 020 |
_c100.00 _a8181574583 |
||
| 035 | _aEN-70414 | ||
| 037 | _bDBAD / PUB | ||
| 082 | 1 | 4 | _a881 |
| 100 | 1 | _aRoche, Paul | |
| 245 | 1 |
_aThe life and death of love / _cby Paul Roche |
|
| 260 |
_aKolkata _bWriters Workshop _c2005 |
||
| 270 |
_a162/92, Lake Gardens, _bKolkata _cW.B. _e110 045 |
||
| 300 |
_a48p _c22cm (Hb) |
||
| 490 | _aWriters workshop redbird book | ||
| 942 |
_adpl _cEN _2ddc _h881 _mROC |
||